Personenraten - Politiker (mit Bild) - Statistiken

Allgemein
  • Dieses Quiz wurde 419 mal gespielt
    379 seit der letzten Aktualisierung
  • Das Durchschnittsergebnis liegt bei 11 aus 16
Antwortstatistiken
Bildquiz Antwort % Korrekt
Putin
100%
Trump
100%
Merkel
99%
Scholz
98%
Obama
96%
Erdogan
90%
Steinmeier
87%
Xi
72%
Clinton
60%
Assad
54%
Schulz
53%
Schröder
49%
Gaddafi
44%
Hussein
38%
Maduro
17%
Mugabe
10%
Keine übereinstimmenden Quizze gefunden
Verteilung der Resultate
Anzahl Personen mit jedem Resultat
Perzentil nach korrekt beantworteten Fragen
Ihre Resultats-Entwicklung
Sie haben dieses Quiz seit der letzten Aktualisierung nicht gespielt